[Event "DSSM WK2"]
[Site "Husum"]
[Date "2002.05.11"]
[Round "3.3"]
[White "Spiegelberg, Henning"]
[Black "Hirth, Sebastian"]
[Result "0-1"]
[WhiteElo "1432"]
[BlackElo "1585"]
[PlyCount "56"]
[EventDate "2002.05.10"]
[EventType "team"]
[EventRounds "7"]
[EventCountry "GER"]
[SourceTitle "CBM 088 Extra"]
[Source "ChessBase"]
[SourceDate "2002.07.01"]
[SourceVersion "2"]
[SourceVersionDate "2002.07.01"]
[SourceQuality "1"]

1. e4 c5 2. Nf3 e6 3. d4 cxd4 4. Nxd4 Qb6 5. b3 Bc5 6. Be3 Nf6 7. Nd2 Bxd4 8. Nc4 Qb4+ 9. Bd2 Bc3 10. Bd3 Bxd2+ 11. Nxd2 Nc6 12. a3 Qe7 13. Nc4 d5 14. e5 dxc4 15. exf6 Qxf6 16. Bxc4 Qc3+ 17. Kf1 0-0 18. g3 Rd8 19. Qe1 Qxe1+ 20. Rxe1 b6 21. Re3 Bb7 22. Rg1 Rd1+ 23. Kg2 Nd4+ 24. f3 Rd2+ 25. Kh3 Nxf3 26. Rf1 Rxh2+ 27. Kg4 h5+ 28. Kf4 g5# 0-1